000 00258nam a2200097Ia 4500
001 807622
005 20250826171234.0
008 250824s9999 xx 000 0 und d
245 0 _aUYUMSUZ DEFNE KAMANIN MACERALARI SU
_cBUKET UZUNER
260 _bEVEREST YAYINLARI
999 _c807622
_d807622